• 首页
  • 本馆介绍
  • 公告通知
  • 最新文献
  • 馆藏检索
  • 电子资源
  • 读者导购
  • 参考咨询
  • 我的图书馆
  • 登录
  • 详细信息显示
  • 放入我的书架
  • 预约/预借图书
  • 作者相关作品
  • 分类相关作品
  • 丛书相关作品
  • 出版社相关作品

书目信息

  • 表格格式
  • 工作单格式
  • 卡片格式
题名:
国际食品法典标准
    
 
作者: 崔野韩 , 魏启文 主编译 ;国际食品法典委员会 , 农业部 , 农业部 编译
分册:   果蔬与农药残留限量卷
出版信息: 北京   中国农业科学技术出版社  2007
页数: 348页
开本: 29cm
丛书名:
单 册:
中图分类: TS207.2
科图分类:
主题词: 蔬菜 , 农药残留量分析 , 水果 , 食品卫生法 , 食品标准 , 蔬菜--农药残留量分析--指标--世界--汇编 , 水果--农药残留量分析--指标--世界--汇编 , 食品卫生法--世界--汇编 , 食品标准--世界--汇编
电子资源:
ISBN: 978-7-80233-265-2
000 01495nam0 22003611 450
001 1570608707
005 20150130193706.32
010    @a978-7-80233-265-2@dCNY60.00
100    @a20140922d2007 em y0chiy50 ea
101 2  @achi@aeng@ceng
102    @aCN@b110000
105    @ay l 000yy
200 1  @a国际食品法典标准@9guo ji shi pin fa dian biao zhun@i果蔬与农药残留限量卷@e[中英文本]@f魏启文,崔野韩主编译@g农业部市场与经济信息司,农业部科技发展中心,国际食品法典中国联络处编译
210    @a北京@c中国农业科学技术出版社@d2007
215    @a348页@d29cm
330    @a本书汇集了国际食品法典委员会已经批准的标准、规范、准则和其他建议,规范对象包括农产品及食品原料、加工及半加工农产品及食品,具体内容涉及卫生和质量,包括微生物指标、食品添加剂、农药与兽药残留、污染物、标签及产品说明、抽样和分析方法等。
606 0  @a蔬菜
606 0  @a农药残留量分析
606 0  @a水果
606 0  @a食品卫生法
606 0  @a食品标准
606 0  @a蔬菜@x农药残留量分析@x指标@y世界@j汇编
606 0  @a水果@x农药残留量分析@x指标@y世界@j汇编
606 0  @a食品卫生法@y世界@j汇编
606 0  @a食品标准@y世界@j汇编
690    @aTS207.2@v5
701  0 @a崔野韩@9cui ye han@4主编译
701  0 @a魏启文@9wei qi wen@f(1965-)@4主编译
712 02 @a国际食品法典委员会@9guo ji shi pin fa dian wei yuan hui@b中国联络处@4编译
712 02 @a农业部@9nong ye bu@b科技发展中心@4编译
712 02 @a农业部@9nong ye bu@b市场与经济信息司@4编译
801  0 @aCN@bTSSF@c20150130
905    @aZUCC@dTS207.2@eJY182
    
    国际食品法典标准.果蔬与农药残留限量卷:[中英文本]/魏启文,崔野韩主编译/农业部市场与经济信息司,农业部科技发展中心,国际食品法典中国联络处编译.-北京:中国农业科学技术出版社,2007
    348页;29cm
    
    
    ISBN 978-7-80233-265-2:CNY60.00
    本书汇集了国际食品法典委员会已经批准的标准、规范、准则和其他建议,规范对象包括农产品及食品原料、加工及半加工农产品及食品,具体内容涉及卫生和质量,包括微生物指标、食品添加剂、农药与兽药残留、污染物、标签及产品说明、抽样和分析方法等。
●
相关链接 在E读中查询图书 在五车中查询图书 在当当中查询图书 在豆瓣中查询图书


正题名:国际食品法典标准     索取号:TS207.2/JY182         预约/预借

序号 登录号 条形码 馆藏地/架位号 状态 备注
1 7862625   278626257   学院路分馆/ [索取号:TS207.2/JY182] 在馆    
唐山师范学院图书馆 欢迎您!
大连网信软件有限公司© 版权所有